000 00938nam a2200241Ia 4500
999 _c39317
_d39317
001 5903
003 GE_BSU
005 20190822093607.0
008 181216s1967||||ge |||||||||||||| ||geo||
040 _cGE_BSU
041 _ageo
080 _a821.353.1-11 ა-13
100 _aაბაშიძე, გრიგოლ
_91383
245 _aზარზმის ზმანება ; ძლევის ქედი ; დედა :
_bპოემები /
_cგრიგოლ აბაშიძე ; რედ. ტ. ჭანტურია.
264 _aთბილისი :
_bნაკადული ;
_c1967.
300 _a135 გვ. ;
_c19 სმ.
653 _aზარზმის ზმანება
653 _aძლევის ქედი
653 _aდედა
653 _aპოემები
700 _aჭანტურია, ტ.
_eრედაქტორი
_93733
942 _cBK
_2udc